Statistiques concernant Meilleur défenseur par année UEFA (partie 2)

Cliquez ici pour prendre le quiz!

Statistiques générales

  • Ce quiz a été pris 271 fois
  • Le résultat moyen est 12 sur 18

Statistiques - réponses

SaisonPaysClubJoueur% Correct
2017-2018EspagneReal MadridSergio Ramos
97%
2016-2017EspagneReal MadridSergio Ramos
97%
2018-2019Pays-BasLiverpool FCVirgil Van Dijk
96%
2020-2021PortugalManchester
City
Ruben Dias
89%
2005-2006EspagneFC BarceloneCarles Puyol
87%
2006-2007ItalieAC MilanPaolo Maldini
83%
2004-2005AngleterreChelsea FCJohn Terry
77%
2007-2008AngleterreChelsea FCJohn Terry
77%
2008-2009AngleterreChelsea FCJohn Terry
77%
2002-2003BrésilReal MadridRoberto Carlos
73%
2001-2002BrésilReal MadridRoberto Carlos
73%
2019-2020AllemagneBayern MunichJoshua Kimmich
65%
1997-1998EspagneReal MadridFernando Hierro
52%
2009-2010BrésilInter MilanMaicon
43%
1998-1999Pays-BasManchester
United
Jaap Stam
39%
1999-2000Pays-BasManchester
United
Jaap Stam
39%
2003-2004PortugalFC PortoRicardo Carvalho
32%
2000-2001ArgentineValence CFRoberto Ayala
9%

Distribution des résultats

Percentile par nombre de réponses

% des personnes avec chaque résultat

Votre développement - résultats

Vous n’avez pas pris ce quiz